Musiques de Hans Zimmer - Statistiques

Statistiques générales
  • Ce quiz a été pris 39 fois
  • Le résultat moyen est 14 sur 51
Statistiques - réponses
Année Réalisateur Film % Correct
2010 Christopher Nolan Inception
94%
2014 Christopher Nolan Interstellar
78%
2000 Ridley Scott Gladiator
66%
2021 Denis Villeneuve Dune
63%
2024 Denis Villeneuve Dune, Deuxième partie
63%
2007 Gore Verbinski Pirates des Caraïbes : Jusqu'au bout du monde
59%
2011 Rob Marshall Pirates des Caraïbes : La Fontaine de Jouvence
59%
2003 Gore Verbinski Pirates des Caraïbes : La Malédiction du Black Pearl
59%
2006 Gore Verbinski Pirates des Caraïbes : Le secret du coffre maudit
59%
1994 Walt Disney Pictures Le Roi lion
56%
2019 Jon Favreau Le Roi lion
56%
2008 Christopher Nolan The Dark Knight
50%
2008 DreamWorks Animation Kung Fu Panda
38%
2011 DreamWorks Animation Kung Fu Panda 2
38%
2016 DreamWorks Animation Kung Fu Panda 3
38%
2024 DreamWorks Animation Kung Fu Panda 4
38%
2022 Joseph Kosinski Top Gun : Maverick
38%
2009 Michael Bay Transformers 2 : La Revanche
34%
2014 Michael Bay Transformers : L'Âge de l'extinction
34%
2017 Christopher Nolan Dunkerque
31%
2025 Joseph Kosinski F1
31%
2017 Denis Villeneuve Blade Runner 2049
28%
2005 Christopher Nolan Batman Begins
25%
2013 Zack Snyder Man of Steel
25%
2009 Guy Ritchie Sherlock Holmes
25%
2011 Guy Ritchie Sherlock Holmes : Jeu d'ombres
25%
2012 Christopher Nolan The Dark Knight Rises
22%
2002 DreamWorks Animation Spirit, l'étalon des plaines
19%
2008 Jon Favreau Iron Man
16%
2005 DreamWorks Animation Madagascar
16%
2008 DreamWorks Animation Madagascar 2
16%
2012 DreamWorks Animation Madagascar 3 : Bons baisers d'Europe
16%
2006 Ron Howard Da Vinci Code
13%
2001 Michael Bay Pearl Harbor
13%
1998 Michael Bay Armageddon
9%
2017 DreamWorks Animation Baby Boss
9%
2021 DreamWorks Animation Baby Boss 2 : Une affaire de famille
9%
2016 Zack Snyder Batman v Superman : L'Aube de la justice
9%
1999 Terrence Malick La ligne rouge
9%
2000 John Woo Mission impossible 2
9%
2020 Patty Jenkins Wonder Woman 1984
9%
2021 Cary Joji Fukunaga Mourir peut attendre
6%
2014 Marc Webb The Amazing Spider-Man : Le Destin d'un héros
6%
2023 Gareth Edwards The Creator
6%
2011 Gore Verbinski Rango
3%
1991 Ridley Scott Thelma et Louise
3%
1999 Hugh Johnson 50 Degrés Fahrenheit
0%
2001 Ridley Scott Hannibal
0%
2001 Ridley Scott La chute du faucon noir
0%
1993 Tony Scott True Romance
0%
2013 Steve McQueen Twelve Years a Slave
0%
Aucun quiz correspondant
Distribution des résultats
% des personnes avec chaque résultat
Percentile par nombre de réponses
Votre historique - résultats
Vous n’avez pas pris ce quiz